daty na historię - Statystyki

Ogólne statystyki
  • Ten quiz został rozwiązany 221 razy
  • Średni wynik to 26 z 50
Statystyki odpowiedzi
pytanie odpowiedź % Poprawnych
46 kampania wrześniowa 1939
99%
1 chrzest Polski 966
99%
4 bitwa pod Grunwaldem 1410
84%
5 zjazd gnieźnieński 1000
78%
11 powstanie warszawskie 1944
77%
6 koronacja Bolesława Chrobrego 1025
74%
20 upadek komunizmu w Polsce ,I wolne wybory , powstanie rządu T. Mazowieckiego 1989
72%
30 III rozbiór Polski 1795
71%
9 I rozbiór Polski 1772
70%
26 II rozbiór Polski 1793
70%
37 bitwa warszawska 1920
66%
2 II wojna światowa 1939-1945
65%
14 powstanie listopadowe 1830
64%
3 I wojna światowa 1914-1918
64%
7 powstanie Armii Krajowej 1942
64%
49 Polska wstąpiła do NATO 1999
62%
43 powstanie kościuszkowskie 1794
55%
17 unia w Krewie 1385
54%
50 hołd pruski złożony Zygmuntowi Staremu 1525
54%
48 unia lubelska, powstała Rzeczypospolita Obojga Narodów 1569
54%
28 masakra robotników w Poznaniu i „Polski Październik” 1956
52%
40 zwycięstwo Sobieskiego nad Turkami pod Wiedniem 1683
51%
36 powstanie Księstwa Warszawskiego 1807
50%
45 śmierć Krzywoustego, początek rozbicia dzielnicowego w Polsce, koniec epoki wczesnopiastowskiej 1138
49%
31 bitwa pod Kircholmem, Jan Karol Chodkiewicz (4 tys) pokonał 12 tys armię szwedzką 1605
49%
21 koronacja Władysława Łokietka 1320
48%
32 bitwa pod Warną śmierć W. Warneńczyka 1444
48%
23 śmierć Kazimierza Wielkiego, koniec panowania dynastii Piastów panującej w Polsce od 960 1370
47%
10 sprowadzenie Krzyżaków do Polski przez Konrada Mazowieckiego 1226
44%
47 tron w Polsce obejmuje Władysław Jagiełło, początek rządów dynastii Jagiellonów 1386
43%
18 powstanie Chmielnickiego na Ukrainie 1648
43%
33 utworzenie Legionów Polskich we Włoszech 1797
43%
12 powstanie Królestwa Polskiego 1815
43%
34 powstanie styczniowe 1863-1864
43%
39 potop szwedzki 1655-1660
42%
29 pierwsza wolna elekcja w Polsce 1573
41%
27 śmierć Zygmunta Augusta koniec panowania dynastii Jagiellonów w Polsce 1572
40%
44 wydarzenia grudniowe na Wybrzeżu ( masakra robotników ) 1970
40%
22 pierwszy przywilej dla szlachty polskiej (przywilej koszycki wydany przez Ludwika Węgierskiego 1374
39%
25 bitwa pod Legnicą, śmierć Henryka Pobożnego 1241
38%
13 powstanie krakowskie 1846
38%
16 koronacja króla czeskiego Wacława II na króla Polski 1300
36%
8 koronacja B. Śmiałego( Szczodrego) 1076
35%
19 bitwa pod Kłuszynem , hetman Żółkiewski (7 tys ) wojska pokonał połączone siły rosyjsko- szwedzkie (około 30 tys) 1610
35%
15 koronacja Przemysła II na króla Polski 1295
34%
38 powstania śląskie 1919-1921
30%
35 wypadki marcowe 1968
29%
42 rewolucja w Rosji i Królestwie Polskim 1905
28%
24 przejmowanie władzy w Polsce przez komunistów 1944-1947
14%
41 wojna trzynastoletnia z Zakonem Krzyżackim, odzyskanie przez Polskę Pomorza Gdańskiego 1654-1666
6%
Nie znaleziono quizów pasujących do podanych kryteriów
Rozkład punktacji
Procent ludzi z każdym wynikiem
Percentyl według liczby udzielonych odpowiedzi
Twoja historia wyników
Nie rozwiązałeś tego quizu